00736nam a2200241Ia 450000500170000000800410001702000150005804000180007304100080009124500810009925000120018026000460019230000160023850400270025465000430028165000460032465000160037065000130038670000210039970000220042070000280044270000240047020211111075755.0130821s2008 xxu gr eng  a1597180416 aCo-BoUCMbspa00aeng03aAn introduction to survival analysis using statacMario A. Claves...[et al.] a2nd ed. aWashingtonbStata Press Publicationc2008 a[1 volumen] aIncluye bibliografía04aAnálisis de datos de tiempo de falla04aAnálisis de supervivencia (Biometría)04aBiometría04aMedicina1 aCleves, Mario A.1 aGould, William W.1 aGutiérrez, Roberto G.1 aMarchenko, Yulia U.